Le Portugal pour les touristes... - Facile - Statistiques

Statistiques générales
  • Ce quiz a été pris 293 fois
  • Le résultat moyen est 13 sur 20
Statistiques - réponses
Question Indice Réponses Indice facile % Correct
Quelle sont les langues officielles ? Portugais P
100%
Quelles sont les principales villes touristiques ? P Porto TOPRO
91%
Quelles autres langues sont répandues ? F Français
88%
La conduite se fait à droite ou à gauche ? Droite
87%
Quelle est la monnaie ? Euro E
87%
Dans la capitale y-a-t-il un décalage horaire avec Paris ? (oui/non) Oui
86%
Quelles sont les principales villes touristiques ? L Lisbonne
84%
Quelles autres langues sont répandues ? A Anglais
80%
Achats à faire 3/ Boisson alcoolisée Vin V
75%
La vitesse sur autoroute est limitée à {120} km/h
73%
Quelles sont les principales villes touristiques ? M Madère DERAME
64%
Achats à faire 2/ Objets légers en... Liège GELIE
63%
Quelles sont les principales villes touristiques ? C Coimbra COMBRAI
61%
Le taux d'alcoolémie toléré au volant est de {0.5} g/l
56%
Le suffixe internet est pt
55%
Achats à faire 1/ Carreaux colorés Azulejos ELAOZUSJ
50%
Quelles sont les principales villes touristiques ? S Sintra TRAINS
47%
La religion majoritaire est catholicisme C
38%
Quelle sont les langues officielles ? M Mirandais
15%
Quels parc national peut-on visiter ? A Arrabida BRAIRADA
10%
Aucun quiz correspondant
Distribution des résultats
% des personnes avec chaque résultat
Percentile par nombre de réponses
Votre historique - résultats
Vous n’avez pas pris ce quiz